00622 2200181 4500245004600000020002200046250001100068100002400079700001700103650002200120005001900142260003200161041001400193084001100207300002800218500018500246336000900431 aHabit is PowercTjahjo Harry WilopohText a978-623-7661-46-7 aCet. 5 aTjahjo Harry Wilopo aZhivana A.U. aPengembangan Diri a20241023144329 aYogyakartabChecklistc2023 aIndonesia a155.25 aviii, 187 hlm. :cilus. aBuku ini akan membantu Anda dalam mewujudkannya, bahkan bonusnya, Anda berkemungkinan untuk menggapai kesuksesan dan impian yang Anda cita-citakan melalui kebiasaan baru tersebut,. atext